All Random High School Musical Characters!! - Statistics

General Stats
  • This quiz has been taken 19 times
  • The average score is 4 of 34
Answer Stats
Hint Answer % Correct
Socorro Herrara Mrs. Montez
43%
Nick Whitaker Alan
29%
McCall Clark Emma
29%
Miley Cyrus Girl At Pool
29%
Tanya Chisholm Jackie
29%
Kelli Baker Lea
29%
Joey Miyashima Principal Matsui
29%
Amish Patel Butchy
14%
Falon Grace Cyndra
14%
Shadia Ali Dina
14%
Pat Mastroianni Jerry Taylor
14%
Sarah Joy Bennett Kelly
14%
Olivia Rose Keegan Lily
14%
Alessandra Cannito Lupe
14%
David Reivers Mr. Danforth
14%
Stan Ellsworth Mr. Riley
14%
Leslie Wing Mrs. Bolton
14%
Yolanda Wood Mrs. Danforth
14%
Anne Kathryn Parma Susan
14%
Napiera Groves Terri
14%
Lauren Collins Tiffani
14%
Nicole Sullivan Carol
0%
Dave Fox Coach Kellogg
0%
Michelle Noh Dana
0%
Addison Morgan Emily Pratt
0%
Beth Lacke Lynn
0%
Jeanne Sakata Malou
0%
Tracey Ferencz Marjorie
0%
Jorge Molina Mr. Gonzalez
0%
Mya Michaels Mrs. Gonzalez
0%
Annette Wright Mrs. Hoffenfeffer
0%
Valente Rodriguez Principal Gutierrez
0%
Kyle Buchanan Tim
0%
Shawn Byfield Trevor
0%
No matching quizzes found
Score Distribution
Percent of People with Each Score
Percentile by Number Answered
Your Score History
You have not taken this quiz